[Event "CZE-chT1W 2223"]
[Site "Czech Republic"]
[Date "2023.02.26"]
[Round "9.4"]
[White "Kulhanek, Tomas"]
[Black "Braun, Marek"]
[Result "1/2-1/2"]
[WhiteElo "2333"]
[BlackElo "2201"]
[PlyCount "22"]
[EventDate "2022.10.09"]
[EventType "team-tourn"]
[EventRounds "11"]
[EventCountry "CZE"]
[SourceTitle "CBM 213 Extra"]
[Source "ChessBase"]
[SourceDate "2023.05.31"]
[SourceVersion "1"]
[SourceVersionDate "2023.05.31"]
[SourceQuality "1"]
[WhiteTeam "Praha DP EA Hotels II"]
[BlackTeam "Ricany Betsys"]
[WhiteTeamCountry "CZE"]
[BlackTeamCountry "CZE"]

1. e4 c5 2. c3 d5 3. exd5 Qxd5 4. d4 e5 5. dxe5 Qxe5+ 6. Be3 Nf6 7. Nf3 Qc7 8. Bb5+ Bd7 9. Na3 Be7 10. 0-0 0-0 11. Bxd7 Nbxd7 1/2-1/2

[Event "CZE-chT1W 2122"]
[Site "Czech Republic"]
[Date "2021.10.10"]
[Round "1.3"]
[White "Braun, Marek"]
[Black "Olsarova, Karolina"]
[Result "1-0"]
[WhiteElo "2187"]
[BlackElo "2294"]
[PlyCount "131"]
[EventDate "2021.10.10"]
[EventType "team-tourn"]
[EventRounds "11"]
[EventCountry "CZE"]
[SourceTitle "EXT 2023"]
[Source "ChessBase"]
[SourceDate "2022.10.05"]
[SourceVersion "1"]
[SourceVersionDate "2022.10.05"]
[SourceQuality "1"]
[WhiteTeam "Ricany Betsys"]
[BlackTeam "Pankrac"]
[WhiteTeamCountry "CZE"]
[BlackTeamCountry "CZE"]

1. d4 Nf6 2. Nf3 d5 3. g3 Bg4 4. Bg2 e6 5. 0-0 Nbd7 6. c4 c6 7. Nbd2 Bd6 8. b3 0-0 9. Bb2 a5 10. Re1 a4 11. c5 Bc7 12. b4 Qb8 13. a3 Re8 14. e4 dxe4 15. Nxe4 Nxe4 16. Rxe4 Nf6 17. Re1 Rd8 18. Qc1 Bxf3 19. Bxf3 Nd5 20. Qc4 Qc8 21. Bd1 Qd7 22. Bc2 Ra7 23. Rad1 Rda8 24. Qd3 g6 25. h4 Bd8 26. Qf3 Bf6 27. h5 Bg7 28. hxg6 hxg6 29. Kg2 Ne7 30. g4 Rd8 31. Be4 Nd5 32. Rh1 Nf6 33. d5 Nxd5 34. Bxg7 Kxg7 35. Bxd5 cxd5 36. Qf4 e5 37. Qxe5+ f6 38. Qd4 Ra6 39. Rh4 Rh8 40. Rxh8 Kxh8 41. f3 Re6 42. Qxd5 Qxd5 43. Rxd5 Re3 44. Rd8+ Kg7 45. Rd7+ Kh6 46. Rxb7 Rxa3 47. c6 Rc3 48. b5 a3 49. Ra7 Rc2+ 50. Kg3 a2 51. Rxa2 Rxa2 52. b6 Rb2 53. c7 Rxb6 54. c8Q g5 55. Qd8 Ra6 56. Qh8+ Kg6 57. Qg8+ Kh6 58. Qf7 Rb6 59. Kf2 Ra6 60. Ke3 Ra3+ 61. Ke4 Ra4+ 62. Kf5 Rf4+ 63. Ke6 Rxf3 64. Qf8+ Kg6 65. Qg8+ Kh6 66. Kf7 1-0

[Event "CZE-ch Betsys Online Blitz"]
[Site "Chess.com INT"]
[Date "2021.04.17"]
[Round "2"]
[White "Braun, Marek"]
[Black "Eret, Matous"]
[Result "0-1"]
[WhiteElo "2187"]
[BlackElo "2255"]
[PlyCount "66"]
[EventDate "2021.04.17"]
[EventType "swiss (blitz)"]
[EventRounds "13"]
[EventCountry "CZE"]
[SourceTitle "CBM 201 Extra"]
[Source "ChessBase"]
[SourceDate "2021.05.31"]
[SourceVersion "1"]
[SourceVersionDate "2021.05.31"]
[SourceQuality "1"]

1. d4 Nf6 2. g3 d6 3. Bg2 Nbd7 4. Nf3 e5 5. 0-0 Be7 6. c4 0-0 7. Nc3 c6 8. b3 Qc7 9. Bb2 Re8 10. Qc2 h6 11. Rad1 a5 12. Nh4 exd4 13. Rxd4 Nc5 14. Nf5 Bf8 15. Nd1 g6 16. Nh4 Bg7 17. Re1 Be6 18. Ne3 Rad8 19. Red1 b6 20. h3 Nh5 21. R4d2 Nf6 22. Kh2 Bc8 23. a3 Nb7 24. b4 Be6 25. g4 d5+ 26. Kg1 dxc4 27. Rxd8 Rxd8 28. Rxd8+ Nxd8 29. Nxc4 axb4 30. axb4 Bd5 31. Be5 Qe7 32. Bxd5 cxd5 33. Bd6 Qe6 0-1

[Event "CZE-ch Betsys Online Blitz"]
[Site "Chess.com INT"]
[Date "2021.04.17"]
[Round "9"]
[White "Holy, Filip"]
[Black "Braun, Marek"]
[Result "0-1"]
[WhiteElo "2044"]
[BlackElo "2187"]
[PlyCount "46"]
[EventDate "2021.04.17"]
[EventType "swiss (blitz)"]
[EventRounds "13"]
[EventCountry "CZE"]
[SourceTitle "CBM 201 Extra"]
[Source "ChessBase"]
[SourceDate "2021.05.31"]
[SourceVersion "1"]
[SourceVersionDate "2021.05.31"]
[SourceQuality "1"]

1. e4 d6 2. d4 Nf6 3. Nc3 c6 4. f4 Qa5 5. Bd3 e5 6. Nf3 Bg4 7. Be3 Qb6 8. fxe5 dxe5 9. Qd2 Bxf3 10. dxe5 Bc5 11. Bxc5 Qxc5 12. exf6 Bh5 13. fxg7 Rg8 14. Qh6 Nd7 15. Rf1 0-0-0 16. Rf5 Qb4 17. Qd2 Bg6 18. a3 Qxb2 19. Rb1 Qxa3 20. Rg5 Nc5 21. Kf1 Bxe4 22. Rh5 Nxd3 23. cxd3 Bxd3+ 0-1

[Event "CZE-chT2C 1920"]
[Site "Czech Republic"]
[Date "2020.06.28"]
[Round "11.1"]
[White "Fojt, Petr"]
[Black "Braun, Marek"]
[Result "0-1"]
[WhiteElo "2055"]
[BlackElo "2187"]
[PlyCount "70"]
[EventDate "2019.10.13"]
[EventType "team-tourn"]
[EventRounds "11"]
[EventCountry "CZE"]
[SourceTitle "EXT 2024"]
[Source "ChessBase"]
[SourceDate "2023.10.10"]
[SourceVersion "1"]
[SourceVersionDate "2023.10.10"]
[SourceQuality "1"]
[WhiteTeam "Jicin"]
[BlackTeam "Ricany 1925"]
[WhiteTeamCountry "CZE"]
[BlackTeamCountry "CZE"]

1. e4 d6 2. d4 Nf6 3. Nc3 c6 4. h3 Nbd7 5. g4 h6 6. Bg2 e5 7. Nge2 b5 8. a3 a6 9. 0-0 g5 10. Be3 Qc7 11. Ng3 Nb6 12. Nf5 Be6 13. b3 Rd8 14. Qf3 Ng8 15. Rad1 Nc8 16. Rd2 Nge7 17. Rfd1 Ng6 18. Qg3 f6 19. d5 cxd5 20. Nxd5 Bxd5 21. exd5 h5 22. Be4 Qf7 23. c4 bxc4 24. bxc4 hxg4 25. hxg4 Nf4 26. Bxf4 gxf4 27. Qd3 Qg8 28. f3 Rd7 29. Rg2 Rdh7 30. Kf2 Rh2 31. c5 dxc5 32. Qxa6 Kd8 33. Qxf6+ Be7 34. Nxe7 Nxe7 35. d6 Qa2+ 0-1

[Event "CZE-chT2C 1920"]
[Site "Czech Republic"]
[Date "2020.02.09"]
[Round "8.1"]
[White "Braun, Marek"]
[Black "Vyprachticky, David"]
[Result "0-1"]
[WhiteElo "2187"]
[BlackElo "2259"]
[PlyCount "70"]
[EventDate "2019.10.13"]
[EventType "team-tourn"]
[EventRounds "11"]
[EventCountry "CZE"]
[SourceTitle "EXT 2024"]
[Source "ChessBase"]
[SourceDate "2023.10.10"]
[SourceVersion "1"]
[SourceVersionDate "2023.10.10"]
[SourceQuality "1"]
[WhiteTeam "Ricany 1925"]
[BlackTeam "Praha Oaza II"]
[WhiteTeamCountry "CZE"]
[BlackTeamCountry "CZE"]

1. d4 Nf6 2. Nf3 e6 3. g3 d5 4. Bg2 b5 5. Ne5 Bb7 6. Qd3 a6 7. 0-0 c5 8. c3 Nc6 9. Nxc6 Bxc6 10. Nd2 Be7 11. dxc5 Bxc5 12. b4 Bb6 13. Nb3 0-0 14. Be3 Nd7 15. Bxb6 Nxb6 16. Na5 Rc8 17. Rfd1 Ba8 18. Rac1 Na4 19. Rc2 Qf6 20. Rdc1 Rc7 21. e4 dxe4 22. Qd6 Rxc3 23. Qxa6 Qd4 24. Rxc3 Nxc3 25. Nb3 Qxb4 26. Bf1 Bd5 27. Qa7 Ra8 28. Qc7 Nxa2 29. Rc5 h6 30. Rxb5 Qe1 31. Nd4 Nc1 32. Qc2 Ra2 33. Rb2 Rxb2 34. Qxb2 Bc4 35. Qb8+ Kh7 0-1

[Event "CZE-chT2C 1920"]
[Site "Czech Republic"]
[Date "2020.01.12"]
[Round "6.1"]
[White "Meduna, Eduard"]
[Black "Braun, Marek"]
[Result "1/2-1/2"]
[WhiteElo "2377"]
[BlackElo "2187"]
[PlyCount "75"]
[EventDate "2019.10.13"]
[EventType "team-tourn"]
[EventRounds "11"]
[EventCountry "CZE"]
[SourceTitle "EXT 2024"]
[Source "ChessBase"]
[SourceDate "2023.10.10"]
[SourceVersion "1"]
[SourceVersionDate "2023.10.10"]
[SourceQuality "1"]
[WhiteTeam "Lysa nad Labem Joly III"]
[BlackTeam "Ricany 1925"]
[WhiteTeamCountry "CZE"]
[BlackTeamCountry "CZE"]

1. d4 Nf6 2. Nf3 g6 3. Nbd2 d5 4. e3 Bg7 5. b4 0-0 6. c4 c6 7. Be2 Nbd7 8. Bb2 Nb6 9. c5 Nbd7 10. 0-0 Re8 11. Ne5 Nxe5 12. dxe5 Nd7 13. f4 f6 14. e4 fxe5 15. exd5 cxd5 16. Bb5 exf4 17. Bxg7 Kxg7 18. Nf3 e6 19. Bxd7 Bxd7 20. Ne5 Rf8 21. Qd2 Rf5 22. Rxf4 Qg5 23. Raf1 Bb5 24. h4 Qf6 25. Ng4 Rxf4 26. Rxf4 Qa1+ 27. Kh2 h5 28. Nh6 Rf8 29. Rxf8 Kxf8 30. Qg5 Kg7 31. g4 Qxa2+ 32. Kg3 Qa3+ 33. Kf4 Qc1+ 34. Kg3 Qc3+ 35. Kf2 Qd4+ 36. Kg3 Qc3+ 37. Kh2 Qb2+ 38. Kg3 1/2-1/2

[Event "Pardubice Czech op-E 30th"]
[Site "Pardubice"]
[Date "2019.07.12"]
[Round "2.3"]
[White "Drahorad, Daniel"]
[Black "Braun, Marek"]
[Result "1/2-1/2"]
[WhiteElo "1971"]
[BlackElo "2232"]
[PlyCount "52"]
[EventDate "2019.07.11"]
[EventType "team-swiss"]
[EventRounds "7"]
[EventCountry "CZE"]
[SourceTitle "EXT 2020"]
[Source "ChessBase"]
[SourceDate "2019.10.17"]
[SourceVersion "1"]
[SourceVersionDate "2019.10.17"]
[SourceQuality "1"]
[WhiteTeam "Praha Bohemians"]
[BlackTeam "Utek z Vezeni"]
[WhiteTeamCountry "CZE"]
[BlackTeamCountry "CZE"]

1. d4 Nf6 2. c4 c5 3. d5 e5 4. Nc3 d6 5. e4 Be7 6. Bd3 a6 7. Nge2 h5 8. 0-0 Nbd7 9. a3 Nh7 10. b4 b6 11. Qa4 0-0 12. Ng3 g6 13. Bh6 Re8 14. Be3 Ndf6 15. bxc5 bxc5 16. Rfb1 Bd7 17. Qc2 Qc7 18. Rb2 Reb8 19. Rab1 Kg7 20. Nf1 Ng4 21. Bc1 Bg5 22. Bxg5 Nxg5 23. h4 Nh7 24. Nh2 Qd8 25. Nf3 f6 26. Rb7 Kf7 1/2-1/2

[Event "CZE-chT2C 1819"]
[Site "Czech Republic"]
[Date "2019.01.13"]
[Round "6.2"]
[White "Braun, Marek"]
[Black "Varejcko, Josef"]
[Result "1/2-1/2"]
[WhiteElo "2227"]
[BlackElo "2218"]
[PlyCount "51"]
[EventDate "2018.10.14"]
[EventType "team-tourn"]
[EventRounds "11"]
[EventCountry "CZE"]
[SourceTitle "EXT 2022"]
[Source "ChessBase"]
[SourceDate "2021.10.06"]
[SourceVersion "1"]
[SourceVersionDate "2021.10.06"]
[SourceQuality "1"]
[WhiteTeam "Liberec Desko"]
[BlackTeam "Lipa"]
[WhiteTeamCountry "CZE"]
[BlackTeamCountry "CZE"]

1. d4 Nf6 2. g3 c5 3. Nf3 cxd4 4. Nxd4 d5 5. Bg2 e5 6. Nb3 Nc6 7. 0-0 Be7 8. Bg5 Be6 9. Bxf6 gxf6 10. e3 Qd7 11. Nc3 0-0-0 12. Qd2 h5 13. Rad1 e4 14. f4 exf3 15. Bxf3 Ne5 16. Bg2 h4 17. Nxd5 hxg3 18. Nxe7+ Qxe7 19. Qc3+ Kb8 20. Rxd8+ Rxd8 21. hxg3 Rg8 22. Qe1 Bxb3 23. axb3 Ng4 24. Rf4 Qxe3+ 25. Qxe3 Nxe3 26. Kf2 1/2-1/2

[Event "CZE-chT2C 1819"]
[Site "Czech Republic"]
[Date "2018.11.18"]
[Round "3.2"]
[White "Schula, Michal"]
[Black "Braun, Marek"]
[Result "1/2-1/2"]
[WhiteElo "2296"]
[BlackElo "2227"]
[PlyCount "66"]
[EventDate "2018.10.14"]
[EventType "team-tourn"]
[EventRounds "11"]
[EventCountry "CZE"]
[SourceTitle "EXT 2022"]
[Source "ChessBase"]
[SourceDate "2021.10.06"]
[SourceVersion "1"]
[SourceVersionDate "2021.10.06"]
[SourceQuality "1"]
[WhiteTeam "Neratovice II"]
[BlackTeam "Liberec Desko"]
[WhiteTeamCountry "CZE"]
[BlackTeamCountry "CZE"]

1. e4 d6 2. d4 Nf6 3. Nc3 c6 4. a4 Nbd7 5. Nf3 e5 6. Bc4 Be7 7. 0-0 0-0 8. a5 Rb8 9. Qe2 b5 10. axb6 axb6 11. d5 c5 12. Nb5 Bb7 13. Ra7 Ne8 14. Be3 Qc8 15. Nd2 Ra8 16. Rfa1 Nc7 17. Qg4 f5 18. exf5 Nf6 19. Qd1 Kh8 20. Nxc7 Qxc7 21. Nb1 Rxa7 22. Rxa7 b5 23. Ba2 Qb6 24. Ra3 b4 25. Ra4 Bc8 26. Bc4 Bxf5 27. f3 Qb7 28. Bb3 Rb8 29. Bg5 Ng8 30. Be3 h6 31. Nd2 Nf6 32. Nf1 Bd7 33. Ra1 Bb5 1/2-1/2

[Event "CZE-chT1W 1819"]
[Site "Czech Republic"]
[Date "2018.11.11"]
[Round "2.7"]
[White "Braun, Marek"]
[Black "Vanek, Petr"]
[Result "1-0"]
[WhiteElo "2227"]
[BlackElo "2077"]
[PlyCount "139"]
[EventDate "2018.10.21"]
[EventType "team-tourn"]
[EventRounds "11"]
[EventCountry "CZE"]
[SourceTitle "CBM 187 Extra"]
[Source "ChessBase"]
[SourceDate "2018.11.04"]
[SourceVersion "1"]
[SourceVersionDate "2018.11.04"]
[SourceQuality "1"]
[WhiteTeam "Turnov Zikuda II"]
[BlackTeam "Vysehrad"]
[WhiteTeamCountry "CZE"]
[BlackTeamCountry "CZE"]

1. d4 d5 2. Nf3 Nf6 3. g3 g6 4. Bg2 Bg7 5. 0-0 0-0 6. Nc3 c6 7. Bf4 Nbd7 8. Qd2 Re8 9. Rfe1 Nh5 10. Bh6 Bh8 11. e4 dxe4 12. Nxe4 Ndf6 13. Nxf6+ Nxf6 14. h3 Be6 15. b3 Bd5 16. c4 Bxf3 17. Bxf3 Qd7 18. Kg2 Rad8 19. Rad1 Qc7 20. Bf4 Qc8 21. Qb4 e6 22. h4 Nh5 23. Bxh5 gxh5 24. Qc5 f5 25. Be5 b6 26. Qa3 Bxe5 27. dxe5 Qc7 28. Qc1 Qg7 29. c5 bxc5 30. Qxc5 Qb7 31. Rd6 Rxd6 32. Qxd6 c5+ 33. Kg1 f4 34. Qxc5 fxg3 35. fxg3 Rc8 36. Qe3 Qd5 37. Rf1 Kh8 38. Qf4 Qc5+ 39. Kh2 Qc2+ 40. Rf2 Qg6 41. Kh3 Kg7 42. Qb4 Kg8 43. Qe7 a5 44. Rf4 Re8 45. Qf6 Qxf6 46. Rxf6 Kg7 47. a4 Rb8 48. Rxe6 Rxb3 49. Ra6 Re3 50. Rxa5 Re4 51. Kg2 Kf7 52. Kf3 Re1 53. Ra7+ Ke6 54. Rxh7 Rxe5 55. Rg7 Rf5+ 56. Kg2 Ra5 57. Rg5 Rxa4 58. Rxh5 Kf6 59. Rb5 Kg6 60. Kh3 Kh6 61. Rb6+ Kg7 62. h5 Kh7 63. g4 Kg7 64. Kh4 Ra5 65. h6+ Kh7 66. g5 Ra1 67. Rb7+ Kg6 68. Rg7+ Kf5 69. h7 Rh1+ 70. Kg3 1-0

[Event "Pardubice Czech op-E 29th"]
[Site "Pardubice"]
[Date "2018.07.14"]
[Round "5"]
[White "Potapov, Alexander1111"]
[Black "Braun, Marek"]
[Result "1-0"]
[WhiteElo "2404"]
[BlackElo "2226"]
[PlyCount "117"]
[EventDate "2018.07.12"]
[EventType "team"]
[EventRounds "7"]
[EventCountry "CZE"]
[SourceTitle "EXT 2019"]
[Source "ChessBase"]
[SourceDate "2018.10.10"]
[SourceVersion "1"]
[SourceVersionDate "2018.10.10"]
[SourceQuality "1"]
[WhiteTeam "Yamal"]
[BlackTeam "Ricany"]
[WhiteTeamCountry "RUS"]
[BlackTeamCountry "CZE"]

1. d4 Nf6 2. c4 c5 3. d5 e5 4. Nc3 d6 5. e4 a6 6. h3 Be7 7. Bd3 Nbd7 8. Nge2 h5 9. h4 Rb8 10. a3 Nf8 11. b4 b6 12. f3 Ng8 13. g3 g5 14. hxg5 Bxg5 15. f4 exf4 16. gxf4 Bh4+ 17. Kd2 Nh6 18. Qf1 Ng4 19. Nd1 b5 20. cxb5 axb5 21. Bb2 Bf6 22. Nec3 c4 23. Be2 Qb6 24. Bxg4 Bxg4 25. Qf2 Bd4 26. Ne3 Nd7 27. Rae1 Nf6 28. Kc1 Kf8 29. Qd2 Rg8 30. Nc2 Bxc3 31. Qxc3 Nd7 32. Nd4 Re8 33. Re3 Nf6 34. Rhe1 Rg6 35. Qd2 Bd7 36. Nf3 Qd8 37. Ng5 Ng4 38. Rf3 f6 39. Nh3 Re7 40. e5 Bf5 41. e6 Nh6 42. Ng5 Kg8 43. Qc3 Reg7 44. Nh3 Rg2 45. Nf2 Ng4 46. Qd4 Nh2 47. Rc3 Rg1 48. Rd1 R7g2 49. Ne4 Bxe4 50. Qxe4 Qe7 51. Rh3 Qg7 52. e7 Rxd1+ 53. Kxd1 Rg1+ 54. Kc2 Rg2+ 55. Kb1 Rxb2+ 56. Kxb2 f5+ 57. Ka2 fxe4 58. e8Q+ Qf8 59. Qxf8+ 1-0

[Event "CZE-chT2B 1718"]
[Site "Czech Republic"]
[Date "2018.03.18"]
[Round "10.4"]
[White "Simecek, Alexej"]
[Black "Braun, Marek"]
[Result "0-1"]
[WhiteElo "2006"]
[BlackElo "2226"]
[PlyCount "76"]
[EventDate "2017.10.15"]
[EventType "team-tourn"]
[EventRounds "11"]
[EventCountry "CZE"]
[SourceTitle "EXT 2022"]
[Source "ChessBase"]
[SourceDate "2021.10.06"]
[SourceVersion "1"]
[SourceVersionDate "2021.10.06"]
[SourceQuality "1"]
[WhiteTeam "Zizkov"]
[BlackTeam "Turnov Zikuda II"]
[WhiteTeamCountry "CZE"]
[BlackTeamCountry "CZE"]

1. Nf3 d6 2. d4 Nf6 3. c4 g6 4. g3 Bg7 5. Bg2 0-0 6. 0-0 a6 7. Nc3 Nc6 8. h3 Rb8 9. Be3 Bd7 10. Rc1 b5 11. cxb5 axb5 12. d5 Na5 13. b4 Nc4 14. Bd4 e5 15. dxe6 fxe6 16. Nd2 Bh6 17. f4 e5 18. Ba7 Ra8 19. Bxa8 Qxa8 20. Bf2 Bxh3 21. e4 Nxd2 22. Qxd2 Nxe4 23. Qd5+ Qxd5 24. Nxd5 Bxf1 25. Rxf1 exf4 26. gxf4 Rf7 27. Bh4 c6 28. Ne7+ Kf8 29. Nxc6 Rxf4 30. Nd4 Rxf1+ 31. Kxf1 Bd2 32. a3 Nc3 33. Nb3 Be3 34. Bf6 Nd5 35. Bh8 Ke7 36. Ke2 h5 37. Kf3 Bg5 38. Nd4 Nc7 0-1

[Event "CZE-chT2B 1718"]
[Site "Czech Republic"]
[Date "2017.12.17"]
[Round "5.5"]
[White "Mikes, Jan"]
[Black "Braun, Marek"]
[Result "1-0"]
[WhiteElo "2276"]
[BlackElo "2226"]
[PlyCount "97"]
[EventDate "2017.10.15"]
[EventType "team-tourn"]
[EventRounds "11"]
[EventCountry "CZE"]
[SourceTitle "EXT 2022"]
[Source "ChessBase"]
[SourceDate "2021.10.06"]
[SourceVersion "1"]
[SourceVersionDate "2021.10.06"]
[SourceQuality "1"]
[WhiteTeam "Usti nad Labem"]
[BlackTeam "Turnov Zikuda II"]
[WhiteTeamCountry "CZE"]
[BlackTeamCountry "CZE"]

1. e4 d6 2. d4 Nf6 3. Nc3 c6 4. Nf3 Nbd7 5. a4 e5 6. Bc4 Be7 7. 0-0 0-0 8. h3 a5 9. Re1 Qc7 10. Ba2 Re8 11. Ng5 Rf8 12. Be3 h6 13. Nf3 Re8 14. dxe5 dxe5 15. Nd2 Bb4 16. Qf3 Qd6 17. Red1 Qe7 18. Nc4 Rb8 19. Ba7 Ra8 20. Be3 Rb8 21. Bb3 b6 22. Ne2 Kh7 23. c3 Bc5 24. Bc2 Ba6 25. Bxc5 Qxc5 26. Nd6 Re6 27. Nf5 g6 28. Ne3 Rd6 29. Ng3 Rd8 30. Bb3 Rxd1+ 31. Rxd1 Qe7 32. Bc4 Bc8 33. b4 Kg8 34. Ngf5 gxf5 35. Nxf5 Qf8 36. Nd6 b5 37. Bxf7+ Kh8 38. axb5 cxb5 39. Be6 Re8 40. Nxe8 Qxe8 41. Bxd7 Nxd7 42. bxa5 Qd8 43. Qf7 Qc7 44. a6 Qxc3 45. a7 Qc6 46. Rd6 Qxd6 47. a8Q Qd1+ 48. Kh2 Qc1 49. Qad5 1-0

[Event "CZE-chT2B 1718"]
[Site "Czech Republic"]
[Date "2017.10.15"]
[Round "1.6"]
[White "Lochman, Vaclav"]
[Black "Braun, Marek"]
[Result "1/2-1/2"]
[WhiteElo "1983"]
[BlackElo "2226"]
[PlyCount "72"]
[EventDate "2017.10.15"]
[EventType "team-tourn"]
[EventRounds "11"]
[EventCountry "CZE"]
[SourceTitle "EXT 2022"]
[Source "ChessBase"]
[SourceDate "2021.10.06"]
[SourceVersion "1"]
[SourceVersionDate "2021.10.06"]
[SourceQuality "1"]
[WhiteTeam "Mlada Boleslav"]
[BlackTeam "Turnov Zikuda II"]
[WhiteTeamCountry "CZE"]
[BlackTeamCountry "CZE"]

1. e4 d6 2. d4 Nf6 3. Nc3 c6 4. a4 Nbd7 5. Nf3 e5 6. Bc4 Be7 7. h3 0-0 8. 0-0 a5 9. Re1 Qc7 10. Bb3 b6 11. d5 Bb7 12. Be3 Rac8 13. dxc6 Bxc6 14. Nd2 h6 15. Qe2 Qb7 16. f3 d5 17. exd5 Nxd5 18. Nxd5 Bxd5 19. Rad1 Rfd8 20. Bc4 Qc6 21. b3 Nf6 22. Qf2 Bb4 23. Bd3 Nd7 24. Kh1 Be6 25. Rf1 f5 26. Qe2 Bc3 27. Bb5 Qc7 28. Bc4 Nf8 29. Bxe6+ Nxe6 30. Nc4 Bd4 31. Qf2 Qc5 32. Rfe1 Bxe3 33. Rxd8+ Rxd8 34. Qxe3 Nd4 35. Qxe5 Nxc2 36. Qxc5 bxc5 1/2-1/2

[Event "CZE-chT rap"]
[Site "Pardubice"]
[Date "2017.07.16"]
[Round "6.4"]
[White "Butkiewicz, Lukasz"]
[Black "Braun, Marek"]
[Result "1-0"]
[WhiteElo "2455"]
[BlackElo "2237"]
[PlyCount "75"]
[EventDate "2017.07.13"]
[EventType "team-swiss"]
[EventRounds "7"]
[EventCountry "CZE"]
[SourceTitle "EXT 2018"]
[Source "ChessBase"]
[SourceDate "2017.10.13"]
[SourceVersion "1"]
[SourceVersionDate "2017.10.13"]
[SourceQuality "1"]
[WhiteTeam "Wisznia Mala"]
[BlackTeam "Kraglove"]
[WhiteTeamCountry "POL"]
[BlackTeamCountry "CZE"]

1. d4 Nf6 2. c4 c5 3. d5 e5 4. Nc3 d6 5. e4 Be7 6. Nf3 Nbd7 7. Be2 a6 8. 0-0 0-0 9. a3 Ne8 10. b4 b6 11. Rb1 g6 12. Bh6 Ng7 13. Qd2 f5 14. Ng5 Nf6 15. exf5 gxf5 16. Ne6 Bxe6 17. dxe6 f4 18. bxc5 bxc5 19. Rb7 Re8 20. Nd5 Nxd5 21. Qxd5 Qc8 22. Bxg7 Kxg7 23. Bh5 Rb8 24. Rfb1 Rxb7 25. Rxb7 Kf6 26. Bxe8 Qxe8 27. h3 Qa4 28. Kh2 Qc2 29. f3 Qf2 30. Rb1 Kf5 31. Qe4+ Kxe6 32. Qxh7 Kf6 33. Qh6+ Kf7 34. Qh5+ Kg7 35. Qg4+ Kf6 36. h4 Qc2 37. Rb7 Kf7 38. Qg5 1-0

[Event "CZE-chT2B 1617"]
[Site "Czech Republic"]
[Date "2017.04.02"]
[Round "11.1"]
[White "Braun, Marek"]
[Black "Manik, Mikulas"]
[Result "0-1"]
[WhiteElo "2242"]
[BlackElo "2415"]
[PlyCount "132"]
[EventDate "2016.10.09"]
[EventType "team-tourn"]
[EventRounds "11"]
[EventCountry "CZE"]
[SourceTitle "EXT 2022"]
[Source "ChessBase"]
[SourceDate "2021.10.06"]
[SourceVersion "1"]
[SourceVersionDate "2021.10.06"]
[SourceQuality "1"]
[WhiteTeam "Liberec Desko"]
[BlackTeam "Decin"]
[WhiteTeamCountry "CZE"]
[BlackTeamCountry "CZE"]

1. e4 c5 2. Nf3 Nc6 3. Nc3 g6 4. b3 Bg7 5. Bb2 d6 6. Bc4 a6 7. a4 e6 8. Qc1 Nf6 9. 0-0 0-0 10. Re1 b6 11. e5 dxe5 12. Nxe5 Nxe5 13. Rxe5 Bb7 14. Bf1 Ng4 15. Re2 Qc7 16. g3 Bxc3 17. Bxc3 Qc6 18. f3 Qxf3 19. Rg2 Qf5 20. Qe1 Qh5 21. Re2 c4 22. b4 f5 23. h3 f4 24. Rxe6 f3 25. Bxc4 Bd5 26. Bxd5 Qxd5 27. Qe4 f2+ 28. Kg2 Qxe4+ 29. Rxe4 Nh2 30. Re7 f1Q+ 31. Rxf1 Rxf1 32. Rg7+ Kf8 33. Rxh7 Re8 34. Rh8+ Kf7 35. Rxe8 Kxe8 36. Kxh2 Rc1 37. a5 bxa5 38. bxa5 Rxc2 39. h4 Ra2 40. g4 Ra4 41. Kg3 Kf7 42. Kf3 Ke6 43. Kg3 Re4 44. Kf3 Kd5 45. Bf6 Rb4 46. Bc3 Ra4 47. Kg3 Ke6 48. h5 gxh5 49. gxh5 Kf5 50. h6 Kg6 51. Bg7 Rxa5 52. Kf4 Ra2 53. Ke3 Rc2 54. d4 a5 55. Ke4 a4 56. d5 a3 57. d6 Rd2 58. Ke5 Kf7 59. Bf6 a2 60. Kf5 Rf2+ 61. Kg5 Rxf6 62. d7 a1Q 63. d8Q Qg1+ 64. Kh5 Qg6+ 65. Kh4 Qxh6+ 66. Kg3 Qg7+ 0-1

[Event "CZE-chT2B 1617"]
[Site "Czech Republic"]
[Date "2017.02.12"]
[Round "8.1"]
[White "Soural, Jan"]
[Black "Braun, Marek"]
[Result "1-0"]
[WhiteElo "2227"]
[BlackElo "2242"]
[PlyCount "69"]
[EventDate "2016.10.09"]
[EventType "team-tourn"]
[EventRounds "11"]
[EventCountry "CZE"]
[SourceTitle "EXT 2022"]
[Source "ChessBase"]
[SourceDate "2021.10.06"]
[SourceVersion "1"]
[SourceVersionDate "2021.10.06"]
[SourceQuality "1"]
[WhiteTeam "Litomerice"]
[BlackTeam "Liberec Desko"]
[WhiteTeamCountry "CZE"]
[BlackTeamCountry "CZE"]

1. d4 Nf6 2. c4 c5 3. d5 e5 4. Nc3 d6 5. e4 Be7 6. g3 h5 7. h4 Bd7 8. f3 Na6 9. Nh3 Nh7 10. Be3 g6 11. Qd2 Qa5 12. Bg2 Nc7 13. 0-0 Qa6 14. b3 b5 15. cxb5 Nxb5 16. Nxb5 Bxb5 17. Rfc1 Qa3 18. Bh6 Bf6 19. Rab1 a5 20. Kh1 Nf8 21. Rc3 Qb4 22. Be3 Ba6 23. a3 Qb7 24. b4 axb4 25. axb4 Nd7 26. Rcc1 Qc7 27. Qc2 Rc8 28. bxc5 dxc5 29. Qa4 Bb7 30. Rxc5 Qb8 31. Rcb5 Rc7 32. d6 Rc3 33. Rxb7 Qd8 34. Bd2 Rc5 35. Ra7 1-0

[Event "CZE-chT2B 1617"]
[Site "Czech Republic"]
[Date "2016.12.11"]
[Round "5.1"]
[White "Braun, Marek"]
[Black "Rubes, Jan"]
[Result "1-0"]
[WhiteElo "2242"]
[BlackElo "2312"]
[PlyCount "33"]
[EventDate "2016.10.09"]
[EventType "team-tourn"]
[EventRounds "11"]
[EventCountry "CZE"]
[SourceTitle "EXT 2022"]
[Source "ChessBase"]
[SourceDate "2021.10.06"]
[SourceVersion "1"]
[SourceVersionDate "2021.10.06"]
[SourceQuality "1"]
[WhiteTeam "Liberec Desko"]
[BlackTeam "Teplice"]
[WhiteTeamCountry "CZE"]
[BlackTeamCountry "CZE"]

1. d4 Nf6 2. c4 e6 3. Nc3 Bb4 4. a3 Bxc3+ 5. bxc3 b6 6. Qc2 Bb7 7. f3 d6 8. e4 e5 9. Be3 c5 10. d5 0-0 11. Bd3 Nh5 12. Ne2 Nd7 13. g4 Qf6 14. gxh5 Qxf3 15. Kd2 Qxh5 16. Ng3 Qh3 17. Rag1 1-0

[Event "CZE-chT1W 1516"]
[Site "Czech Republic"]
[Date "2016.04.10"]
[Round "11.5"]
[White "Ringel, Zbynek"]
[Black "Braun, Marek"]
[Result "1/2-1/2"]
[WhiteElo "2228"]
[BlackElo "2220"]
[PlyCount "24"]
[EventDate "2015.10.11"]
[EventType "team-tourn"]
[EventRounds "11"]
[EventCountry "CZE"]
[SourceTitle "EXT 2017"]
[Source "ChessBase"]
[SourceDate "2016.10.25"]
[SourceVersion "1"]
[SourceVersionDate "2016.10.25"]
[SourceQuality "1"]
[WhiteTeam "Hradec Kralove"]
[BlackTeam "Novoborsky II"]
[WhiteTeamCountry "CZE"]
[BlackTeamCountry "CZE"]

1. c4 e5 2. Nc3 d6 3. g3 f5 4. Bg2 Nf6 5. d3 c6 6. Bg5 Be7 7. Nf3 0-0 8. 0-0 Kh8 9. b4 a6 10. a4 Nbd7 11. b5 Qa5 12. Qc2 axb5 1/2-1/2